Sanat - "Kuului laulu enkelten" - Statistics

Yleistilastot
  • Tätä visaa on pelattu 16 kertaa
  • Keskiarvotulos 41 / 77
Vastaustilastot
Vastaus % Oikein
enkelten
100%
enkelten
100%
Kuului
100%
Kuului
100%
laulu
100%
laulu
100%
laulu
100%
avaruuksien
77%
avaruuksien
77%
kautta
77%
kautta
77%
Deo
62%
Deo
62%
Deo
62%
Deo
62%
Deo
62%
Deo
62%
Deo
62%
Deo
62%
excelsis
62%
excelsis
62%
excelsis
62%
excelsis
62%
excelsis
62%
excelsis
62%
excelsis
62%
excelsis
62%
gloria
62%
gloria
62%
gloria
62%
Gloria
62%
gloria
62%
Gloria
62%
gloria
62%
gloria
62%
in
62%
in
62%
in
62%
in
62%
in
62%
in
62%
in
62%
in
62%
kaiullaan
62%
kaiullaan
62%
kertas
54%
kertas
54%
on
54%
on
54%
riemulaulun
54%
riemulaulun
54%
vuoret
54%
vuoret
54%
taivaisen
46%
taivaisen
46%
sen
38%
nyt
31%
syntynyt
31%
tää
31%
eessä
23%
eessä
23%
Herran
23%
Kristuksen
23%
lapsonen
23%
Paimenet
23%
polvistukaa
23%
riemulaulut
23%
taivahinen
23%
Betlehemihin
15%
ihmeissään
15%
Käykää
15%
Käykää
15%
miksi
15%
nää
15%
sanoman
15%
tuo
15%
minkä
8%
Ehtoja vastaavia visoja ei löytynyt
Tulosjakauma
Jokaisen tuloksen saaneiden osuus
Persentiili vastausten määrän mukaan
Tuloshistoriasi
Et ole pelannut tätä visaa